000 00856cab a2200265 4500
001 ABS57205
008 090401t1997 xxu||||| |||| 00| 0 eng d
035 _a(Sirsi) u79341
041 _aeng
100 _aMoore, L.
245 _aTort a lesson in the nature of a nuisance
260 _c1997
350 _a0
490 _aProperty Week
_v59(13) 27 June 1997, 29(1)
520 _aExamines the recent law cases "Hunter v London Docklands Development Corporation" (Abs57016) and "Cunningham v Birmingham CC" which restate that nuisance is a tort against land and not the person.
650 _aNUISANCE
650 _aPOLLUTION
650 _aSTATUTORY NUISANCE
650 _aTELEVISION RECEPTION
650 _aTORT
650 _aTOWN AND COUNTRY PLANNING ACT 1990
690 _aPROPERTY LAW AND PRACTICE
942 _n0
948 _c01/07/1997
999 _c49867
_d49867